Представление документа в формате RUSMARC

ПолеНазваниеЗначение
  Тип записи a
  Библиографический уровень m
001 Контрольный номер RU/REG73/CBS_GRAD/f76f7e1276ed49839b9802d7d48c87f8
005 Дата корректировки 20240523132230.6
010 Индекс ISBN __
a ISBN 978-5-353-09165-3
b Уточнения в пер.
d Цена 168 р. 39 к.
9 Тираж 7000 экз.
100 Данные общей обработки __
a Данные общей обработки 20230314d2024 c y0rusy0189## ca
101 Язык документа 0_
a Язык текста rus
102 Страна публикации __
a Страна публикации RU
105 Кодированные данные (монография) __
a Кодированные данные (монография) a z 000ay
200 Заглавие и сведения об ответственности 1_
a Заглавие В Стране Вечных Каникул
e Сведения, относящиеся к заглавию сказочная повесть
f Первые сведения об ответственности Анатолий Алексин
g Последующие сведения об ответственности художник Б. Винокуров ; редактор А. Малько
210 Выходные данные 1_
a Место издания Москва
c Издательство РОСМЭН
d Дата издания 2024
215 Физическое описание __
a Объем 160 с.
d Формат 20 см
215 Физическое описание __
c Иллюстрации/тип воспроизводства ил.
225 Серия 1_
a Серия Внеклассное чтение
327 Примечание о содержании 01
a Примечание о содержании содерж.: Пока еще не началась сказка ; Самый необычный приз ; Троллейбус идет в "ремонт" и [др.]
333 Примечание о целевом назначении __
a Примечание о целевом назначении 6+
606 Тематические рубрики 0_
a Основная рубрика Проза (д.л.)
610 Ключевые слова 0_
a Ключевые слова детская литература ; поучительные истории ; исполнение желаний
675 Индекс УДК __
z Язык издания rus
686 Индексы других классификаций __
a Классификационный индекс 84 (2 Рос=Рус)6
2 Код системы rubbk
700 Автор _1
a Фамилия Алексин
g Полное личное имя Анатолий Георгиевич
4 Код отношения 070
702 Вторичная интеллектуальная ответственность _1
a Фамилия Винокуров
b Имя (инициалы) Б.
4 Код отношения 040
702 Вторичная интеллектуальная ответственность _1
a Фамилия Малько
b Имя (инициалы) А. А.
4 Код отношения 340
801 Источник записи _0
a Страна RU
b Организация RuCBSGrad
c Дата составления 20240523
g Правила каталогизации RCR
801 Источник записи _1
a Страна RU
b Организация RuCBSGrad
c Дата составления 20240523
g Правила каталогизации RCR
852 Данные о местонахождении __
t Дата завершения обработки 20240523
a Наименование организации МБУК "ЦБС г.Димитровграда"
i Авторский знак А 45
m Каталогизатор Терехова
900 Электронные ресурсы __
a Имя электронного ресурса 2724425_1
901 Тип документа __
t Тип документа m
909 Создатель записи __
a Создатель записи Терехова